| 000 | 00867nam a2200301Ia 4500 | ||
|---|---|---|---|
| 001 | Para_9773 | ||
| 003 | CHAP | ||
| 008 | 220125s2011 xx 000 0 und d | ||
| 010 | _a208414 | ||
| 020 | _a1064-3745 | ||
| 040 | _cCHAP | ||
| 082 | _aPA 574.10724 P34 | ||
| 245 |
_aPCR protocols / _c Daniel J. Park, editor |
||
| 260 |
_aNew York : _b Humana Press, |
||
| 300 | _a348 p. | ||
| 440 |
_aMethods in molecular biology ; 687 _9174788 |
||
| 500 | _aIncluye referencias bibliograficas e indice | ||
| 503 | _aI.259959 (ej.1) | ||
| 650 |
_aPolimerosa _x Reacción en cadena _x Manuales de laboratorio _9174789 |
||
| 700 |
_aPark, Daniel J. ed. _9174790 |
||
| 901 | _aPA 574.10724 P34 | ||
| 902 | _aM | ||
| 905 | _a5232202011 a 8000000000 06 | ||
| 910 | _a2011 | ||
| 942 | _cPARA | ||
| 942 |
_cPARA _d1 |
||
| 999 |
_c208414 _d208414 |
||